Using functional grammar: an explorer's guide

Saved in:
Bibliografiske detaljer
Main Authors: Butt, David (Author), Fahey, Rhondda (Author), Feez, Susan (Author), Spinks, Sue (Author), Yallop, Colin (Author)
Format: Bog
Sprog:engelsk
Udgivet: Sydney National Centre for English Language Teaching and Research 2000
Udgivelse:2a. ed
Fag:
Tags: Tilføj Tag
Ingen Tags, Vær først til at tagge denne postø!

MARC

LEADER 00000nam a2200000 a 4500
001 UCL1837
003 CL-VaPUC
008 030926e20000000AT |||||||||||||||||eng|d
020 |a 1864085509 
082 0 4 |a 425  |b BUT  |2 21 
100 0 |a Butt, David  |e author  |9 478682 
700 0 |a Fahey, Rhondda  |e author  |9 478683 
700 0 |a Feez, Susan  |e author  |9 478684 
700 0 |a Spinks, Sue  |e author  |9 478685 
700 0 |a Yallop, Colin  |e author  |9 478686 
245 1 0 |a Using functional grammar: an explorer's guide 
250 |a 2a. ed 
300 |a 346 p 
942 |c BK 
945 |d 20030926 00:00:00  |a cmena 
260 |a Sydney  |b National Centre for English Language Teaching and Research  |c 2000 
650 0 |a Lengua inglesa  |9 318842 
650 0 |a Gramática  |9 270497 
650 0 |a Educación lingüística  |9 306506 
583 |a last modification  |c 20160907 03:02:38  |k Rodrigo Vera 
999 |c 305277  |d 305275 
952 |0 0  |1 0  |4 0  |6 425_000000000000000_BUT_2000  |7 0  |8 A  |9 368412  |a FDOPOS  |b FDOPOS  |d 2019-11-21  |i 394090K  |o 425 BUT 2000  |p 394090K  |r 2025-01-22  |w 2019-11-21  |y BK  |k MLA 
952 |0 0  |1 0  |4 0  |6 425_000000000000000_BUT_2000  |7 0  |8 A  |9 368413  |a FDOPOS  |b FDOPOS  |d 2019-11-21  |i 4157044  |o 425 BUT 2000  |p 4157044  |r 2025-01-22  |w 2019-11-21  |y BK  |k MLA